00485nam a2200121Ia 4500041001200000082001200012100004200024245011500066260006600181300001000247650007600257650003000333 aEnglish aRH.0065 aHassan, SofiyauUniversity of Kashmir 0aEducation status of scheduled tribes: attainments and challenges :bJammu and Kashmir report / cSofiya Hassan aNew Delhi :bIndian Council of Social Science Research,c2012 a233p. aScheduled tribes in India--Social conditionszIndiazJammu and Kashmir  aDalits--Social conditions